000 01297nam a22003617a 4500
003 CHAP
005 20220817042531.0
008 971013s1975 r 00010 d
010 _a47428
011 _a48400
035 _a52546
040 _cCHAP
090 _aTesis
100 0 0 _aReyes Carmona, Marcos Fidel.
_996766
245 _aEfectos del crédito agrícola, en el modelo de producción y en la magnitud de explotaciones participantes
_b: el caso de la zona IV del Plan Maíz
260 _aChapingo, Méx. :
_bEl autor,
_c1975
300 _a156 h.
502 _aTesis (M. C. Esp. en Economía Agrícola) -- ENA. Colegio de Postgraduados. Centro de Economía Agrícola
590 _aALEPH
_b10
_c20130110
_lUCH01
_h1317
590 _aBATCH-UPD
_b10
_c20130110
_lUCH01
_h0950
590 _aBATCH-UPD
_b10
_c20130410
_lUCH01
_h0604
590 _aBATCH-UPD
_b10
_c20130914
_lUCH01
_h1059
590 _aCONVERSION
_b10
_c20130109
_lUCH01
_h1326
650 1 4 _aCrédito agrícola.
_929022
650 1 4 _aDesarrollo de la comunidad rural.
_931995
650 1 4 _aMaíz
_zPuebla.
650 1 4 _aPlan Maíz.
_988670
901 _aBK
942 _cFOLL
949 _bBC
_cTES
_d-116994
_eTS1
_i52546
_si
949 _bBC
_cTES
_d-116995
_eTS2
_fc.2
_i52546
_si
949 _bBC
_cTES
_d-116996
_eTS2
_fc.3
_i52546
_si
999 _c47428
_d47428